Organic Chemistry / (Record no. 16758)

MARC details
000 -LEADER
fixed length control field 01066nam a2200325 i 4500
001 - CONTROL NUMBER
control field 015753079
003 - CONTROL NUMBER IDENTIFIER
control field EG-ScBUE
005 - DATE AND TIME OF LATEST TRANSACTION
control field 20250817103416.0
008 - FIXED-LENGTH DATA ELEMENTS--GENERAL INFORMATION
fixed length control field 110209t2012 caua f 001 0 eng d
020 ## - INTERNATIONAL STANDARD BOOK NUMBER
International Standard Book Number 111142683X (pbk.)
020 ## - INTERNATIONAL STANDARD BOOK NUMBER
International Standard Book Number 9781111426835 (pbk.)
040 ## - CATALOGING SOURCE
Original cataloging agency EG-ScBUE
Language of cataloging eng
Description conventions rda
Transcribing agency EG-ScBUE
Modifying agency EG-ScBUE
082 04 - DEWEY DECIMAL CLASSIFICATION NUMBER
Classification number 547
Edition number 22
Item number ORG
245 00 - TITLE STATEMENT
Title Organic Chemistry /
Statement of responsibility, etc William H. Brown, Beloit College [and four others]
250 ## - EDITION STATEMENT
Edition statement Sixth edition.
250 ## - EDITION STATEMENT
Edition statement International edition.
264 #1 - PUBLICATION, DISTRIBUTION, ETC. (IMPRINT)
Place of publication, distribution, etc Pacific Grove, Calif. :
Name of publisher, distributor, etc Brooks/Cole Cengage Learning,
Date of publication, distribution, etc [2012]
264 #4 - PUBLICATION, DISTRIBUTION, ETC. (IMPRINT)
Date of publication, distribution, etc c2012
300 ## - PHYSICAL DESCRIPTION
Extent 1 volume (various pagings) :
Other physical details illustrations (some color) ;
Dimensions 28 cm
336 ## - CONTENT TYPE
Source rdacontent
Content type term text
Content type code txt
337 ## - MEDIA TYPE
Media type term unmediated
Source rdamedia
Media type code n
338 ## - CARRIER TYPE
Carrier type term volume
Carrier type code nc
Source rdacarrier
500 ## - GENERAL NOTE
General note Includes index.
650 #7 - SUBJECT ADDED ENTRY--TOPICAL TERM
Topical term or geographic name as entry element Chemistry, Organic.
Source of heading or term BUEsh
9 (RLIN) 30062
653 ## - INDEX TERM--UNCONTROLLED
Arrived date list June2012
-- September2012
655 ## - INDEX TERM--GENRE/FORM
Form subdivision Reading book
700 1# - ADDED ENTRY--PERSONAL NAME
Personal name Brown, William Henry,
Dates associated with a name 1932-
Relator term author.
9 (RLIN) 30063
942 ## - ADDED ENTRY ELEMENTS (KOHA)
Source of classification or shelving scheme Dewey Decimal Classification
Koha item type Book - Borrowing
Holdings
Withdrawn status Lost status Source of classification or shelving scheme Damaged status Not for loan Collection code Home library Current library Shelving location Date acquired Source of acquisition Cost, normal purchase price Serial Enumeration / chronology Total Checkouts Total Renewals Full call number Barcode Date last seen Date checked out Price effective from Koha item type
    Dewey Decimal Classification     Donation-Gift Central Library Central Library First floor 07/06/2012 Donation 220.00 15252 14 44 547 ORG 000026805 15/07/2025 05/10/2019 07/06/2012 Book - Borrowing
    Dewey Decimal Classification     Baccah Central Library Central Library First floor 07/08/2012 Donation 220.00 15289 4 34 547 ORG 000026820 15/07/2025 11/10/2017 07/08/2012 Book - Borrowing
    Dewey Decimal Classification     Baccah Central Library Central Library First floor 27/09/2012   220.00 3 5   547 ORG 000027437 15/07/2025 04/10/2012 27/09/2012 NB - Book (Non borrowing)
    Dewey Decimal Classification     Baccah Central Library Central Library First floor 27/09/2012   220.00 3 7 57 547 ORG 000027438 15/07/2025 30/09/2019 27/09/2012 Book - Borrowing
    Dewey Decimal Classification     Baccah Central Library Central Library First floor 27/09/2012   220.00 3 10 129 547 ORG 000027439 15/07/2025 23/09/2019 27/09/2012 Book - Borrowing
    Dewey Decimal Classification     Baccah Central Library Central Library First floor 27/09/2012   220.00 3 9 69 547 ORG 000027440 15/07/2025 29/09/2019 27/09/2012 Book - Borrowing
    Dewey Decimal Classification     Baccah Central Library Central Library First floor 27/09/2012   220.00 3 8 72 547 ORG 000027441 15/07/2025 23/09/2019 27/09/2012 Book - Borrowing
    Dewey Decimal Classification     Baccah Central Library Central Library First floor 27/09/2012   220.00 3 13 97 547 ORG 000027442 15/07/2025 06/11/2019 27/09/2012 Book - Borrowing
    Dewey Decimal Classification     Baccah Central Library Central Library First floor 27/09/2012   220.00 3 9 32 547 ORG 000027443 15/07/2025 22/10/2019 27/09/2012 Book - Borrowing
    Dewey Decimal Classification     Baccah Central Library Central Library First floor 27/09/2012   220.00 3 10 37 547 ORG 000027444 15/07/2025 25/09/2017 27/09/2012 Book - Borrowing